000 004550000a22001810004500
003 MACL
005 20160119155121.0
008 160119b xxu||||| |||| 00| 0 eng d
040 _aMACL
_cMACL
041 _aEnglish
082 _a001/UPP
100 _aUppal, N S
_933297
245 _aConquering CAT (MBA) Interview
260 _bKonark Publishers P Ltd
_c2001
_aNew Delhi
350 _a200
650 _aGeneralities
_91354
942 _cBK
_k001/UPP
_2ddc
999 _c32158
_d32158